00869nam a2200205 a 450000100060000000300090000600800410001502000150005604000280007108200170009910000240011624501510014026000230029130000100031450502370032465000230056165000220058465000320060665000250063822736CO-ViMGA141112s2004 ck r 000 u spa d a9589603702 aCO-ViMGAbspacCO-ViMGA04a341.51 Z171a1 aZarate, Luis Carlos10aEl asilo en el derecho internacional Américano : bcon un apendice de la corte internacional de justicia y anexos de la cancilleria de colombia aColombia : bLeyer a418p. aEl origen del derecho de asilo, Trayectoria del derecho de asilo a traves de congresos y conferencias internacionales, El fallo de la corte internacional de justicia un triunfo moral de colombia, critica a la sentencia de la corte14aDELITOS POLITICOS 14aDERECHO DE ASILO 14aDERECHO DE ASILO - COLOMBIA14aREFUGIOS POLITICOS